Mothering India: (Record no. 183349)

MARC details
000 -LEADER
fixed length control field 00642 a2200193 4500
005 - DATE AND TIME OF LATEST TRANSACTION
control field 20211223125216.0
010 ## - LCCN (DPL NO)
LC control number ENG-130554
020 ## - INTERNATIONAL STANDARD BOOK NUMBER
International Standard Book Number 978-0-19-012625-4
Terms of availability 1,495.00
035 ## - SYSTEM CONTROL NUMBER
System control number EN-114086
037 ## - SOURCE OF ACQUISITION
Source of stock number/acquisition DBAD/PUB
082 ## - DEWEY DECIMAL CLASSIFICATION NUMBER
Classification number 880
Item number 1
100 ## - MAIN ENTRY--PERSONAL NAME
Personal name Roye, Susmita
245 ## - TITLE STATEMENT
Title Mothering India:
Remainder of title Women's Fiction in English Shaping/
Statement of responsibility, etc Susmita Roye
250 ## - EDITION STATEMENT
Edition statement 2020
260 ## - PUBLICATION, DISTRIBUTION, ETC. (IMPRINT)
Place of publication, distribution, etc India
Name of publisher, distributor, etc Oxford University Press
Date of publication, distribution, etc 2020
270 ## - ADDRESS
Address 22 Workspace, 2nd Floor, 1/22 Asaf Ali Road
City New Delhi
Postal code 110002
300 ## - PHYSICAL DESCRIPTION
Extent 187p.
Dimensions 22cm (hbk)
Other physical details Glossary, Bibliography, Index, About the Author
942 ## - ADDED ENTRY ELEMENTS (KOHA)
Institution code [OBSOLETE] dpl
Item type English Books
Source of classification or shelving scheme Dewey Decimal Classification
Classification part 880
Call number suffix ROY
Holdings
Withdrawn status Lost status Not for loan Collection code Home library Current library Date acquired Source of acquisition Cost, normal purchase price Full call number Barcode Copy number Cost, replacement price Koha item type
      Non-fiction Patel Nagar Patel Nagar 23/12/2021 DBAD/PUB 1495.00 880 ROY EN-114086 1 1495.00 English Books

© Delhi Public Library
Hit Counter
free hit counter